MDQL
is popping MORE tags! Check the
thread
!
Quizzes
Events
Quiz Creation
Community
Videos
Private Events
Remove Ads
Sign In
Join for FREE
Feedback
Dark Mode
Quiz Categories
Sports
Geography
Music
Movies
Television
Just For Fun
Miscellaneous
History
Literature
Language
Science
Gaming
Entertainment
Religion
Holiday
For Kids
Quiz Lab
Recent
Popular Today
Quiz Kudos Today
Editor Picks
Curator Picks
Quizzes by...
Day
Popularity
Type
Ratings
Length
Year
Community
Subscriptions
Recent Discussions
Orange Saloon
Badges
Playlists
Quests
Create
Leaderboards
Showdown
Live 5
Trivia Bingo
Activity
Puzzle Library
Sporcle Events
Private Events
Virtual Trivia
Globe League
Become a Host
Pub Owners
SporcleCon
Opinionation
Our Games
Videos
Blog
Mobile Apps
Partnerships
Remove Ads and Go Orange
Feedback
Television
TV Characters
TV Show
Sitcom
Network
Friends
Reality Shows
Cast
South Park
Star Trek
The Simpsons
Doctor Who
Television
TV Characters
TV Show
Sitcom
Network
Friends
Reality Shows
Cast
South Park
Star Trek
The Simpsons
Doctor Who
Random Quiz
Search Sporcle
×
Quiz Lab
Quiz Lab
Television
Seinfeld
Type in answers that appear in a list
Type in answers that appear in a list
Classic
Best Score? Go Orange.
Seinfeld Cast, Post-Seinfeld Stats
Can you name the TV shows starring the cast of 'Seinfeld' after the show's end in 1998?
By
BrianZane
3m
6 Questions
157 Plays
157 Plays
157 Plays
Comments
Comments
Give Quiz Kudos
Give Quiz Kudos
-
- Ratings
hide this ad
More Info
Replay
Link that replays current quiz
Next Quiz
Link to next quiz in quiz playlist
You Got
0%
They Got
Avg Score
36%
Avg Friend Score
Upgrade to see
Score Distribution
Jump to the score distribution portion of the page
Score
0/6
Timer
03:00
0
Plays Today
Actor
TV Show
% Correct
Julia Louis-
Dreyfus
The New Adventures of Old Christine
89.2%
Michael Richards
The Michael Richards Show
42.7%
Jerry Seinfeld
The Marriage Ref
40.8%
Julia Louis-
Dreyfus
Watching Ellie
17.2%
Jason Alexander
Bob Patterson
15.3%
Jason Alexander
Listen Up
14%
Quiz Playlist
Details
Report
Send in Message
Add To Playlist
More Info:
Does not include guest appearances. Must have been a full-fledged cast member.
Classic:
Type in answers that appear in a list
Last Updated: Feb 16, 2017
Quiz Scoreboard
CHALLENGE
Sign Up to Join the Scoreboard
Show All
Scores
Hide
Comments
May contain spoilers
Recently Published
Find the 'City' Movie
by crazypaving
Movies
60s
5x2 Blitz: Bands
by SL_Kpop136
Music
30s
Colored Red Africa Blitz
by spor1
Geography
30s
More to Explore
Quiz From the Vault
Featured Blog Post
14 Easter Pick-up Lines to Find Eggs With
hide this ad
You Might Also Like...
Tags
Seinfeld
Today's Top Quizzes in Television
Browse Television
hide this ad
Today's Top Quizzes in Seinfeld
Browse Seinfeld
Top Contributed Quizzes in Television
1
Survivor Journey Challenge
2
Survivor Logic Puzzle: Heroes vs. Villains
3
One Tree Hill Logic Puzzle
4
Phoebe Buffay Quotes
5
Game of Thrones: Tywin Lannister Start to Finish
6
Brooklyn Nine Nine Logic Puzzle (How-To-Play)
7
A Series of Unfortunate Events: Netflix Character Chain
8
All US Survivor Seasons in Order
9
Survivor: Criteria Castaways
10
A Series of Unfortunate Events: S3 Character Chain
Explore More
Trending Topics
NBA
Disney
Anime
Crossword
Kpop
Harry Potter
Marvel
Puzzle
WWE
Country
Soccer
The Office
NFL
Song
Pokémon
hide this ad
More By:
BrianZane
Quiz
Plays
Rating
Category
Featured
Created
WWE's Top 50 Superstars of All Time
172,431
3.67
Sports
Nov 14, 2010
WWE Hulk Hogan's PPV Opponents
105,400
4.31
Sports
Nov 4, 2009
Two-Time Best Actor Oscar Winners
34,736
4.29
Movies
Feb 25, 2011
Shortest WWE Championship Reigns
16,222
4.33
Sports
Nov 1, 2009
WCW/ECW/WWF Alliance
15,502
4.03
Sports
Oct 8, 2009
Go to Creator's Profile
Score Distribution
Quiz Creator Spotlight
BrianZane
Follow
Send a Message
Quizzes Created
-
Created Quiz Play Count
-
More By This Creator
Popular Quizzes Today
1
5x2 Blitz: Bands
2
Find the 'City' Movie
3
Colored Red Africa Blitz
4
Find the US States - No Outlines Minefield
5
The Countries of the World
6
Find the US States
7
9x9 Crossword: Cartoon Network
8
US States
More Television Quizzes
Follow That Line: The Best of Rosa Diaz (B99)
Curator's Pick
Trending Quizzes
Colored Red Africa Blitz II
Colored Red Europe Blitz I
Christmas Pick: Judaism
Colored Red Africa Blitz III
Colored Red Europe Blitz II
Recently Updated
Champions League XIs: Real Madrid
pecheneg
Largest US Cities 1790-2010
pecheneg
Rides in Walt Disney World
pecheneg
Most Oscar Losses (Acting)
pecheneg
Beyoncé Albums
pecheneg
Leaping Animals
pecheneg
Reality TV Shows (A-Z)
bhenderson79
Rickey Henderson's Hall of Fame Teammates
pecheneg
Champions League XIs: Arsenal
pecheneg
Quick Pick: Celebrities in WWE's Hall of Fame
aduchscher
Trending Topics
Marvel
NBA
Harry Potter
Crossword
Anime
Kpop
Disney
Pokémon
Song
Puzzle
Soccer
WWE
The Office
NFL
Country
Your Account Isn't Verified!
In order to create a playlist on Sporcle, you need to verify the email address you used during registration. Go to your
Sporcle Settings
to finish the process.
Report this User
Report this user for behavior that violates our
Community Guidelines
.
Details:
Send Report
Go to the Sporcle.com Mobile Site →
Comments